000 00818nam a2200265 i 4500
001 bg
100 1 _aKONIK, Tadeusz
245 1 0 _aO styczności zbiorów w uogólnionych przestrzeniach metrycznych /
_cTadeusz Konik.
260 _aCzęstochowa :
_bWydaw. PC,
_c2001.
300 _a70, [1] s. :
_b2 il. ;
_c24 cm.
490 1 _aMonografie / Politechnika Częstochowska,
_x0860-5017 ;
_vnr 77
500 _aStreszcz. ang., ros.
504 _aBibliogr.
650 9 _aGeometria różniczkowa
650 9 _aPrzestrzenie metryczne
650 9 _aTeoria mnogości
830 0 _aMonografie (Politechnika Częstochowska) ;
_vnr 77
020 _a8371931336
040 _cBPK
041 0 _apl
_benru
080 _a514.7:515.1
920 _a83-7193-133-6
942 _cKS
008 s pl f |000 0 pol
999 _c40672
_d40672
856 _uhttp://koha.tu.koszalin.pl/cgi-bin/koha/opac-detail.pl?biblionumber=40672
_yKatalog online BPK